[Event "IECG CP.1999.P.00072"]
[Site "IECG email"]
[Date "1999.10.01"]
[Round "?"]
[White "Amann, Klaus"]
[Black "Cadaval, Manuel"]
[Result "0-1"]
[WhiteElo "1743"]
[BlackElo "800"]
[PlyCount "42"]
[EventDate "1999.10.01"]
[EventType "tourn (corr)"]
[EventRounds "6"]
[EventCountry "ESP"]
[SourceTitle "Corr 2008"]
[Source "ChessBase"]
[SourceDate "2008.06.24"]
[SourceVersion "1"]
[SourceVersionDate "2008.06.24"]
[SourceQuality "1"]

1. e4 e5 2. Nc3 Nf6 3. f4 d5 4. fxe5 Nxe4 5. Nf3 Bg4 6. Be2 Nc6 7. d4 Bb4 8. Qd3 Nxc3 9. bxc3 Bf5 10. Qd2 Be7 11. 0-0 0-0 12. Bd3 Qd7 13. Qf4 Bxd3 14. cxd3 f6 15. e6 Qxe6 16. Qxc7 Bd6 17. Qxb7 Rfb8 18. Qa6 Nxd4 19. Qa5 Nxf3+ 20. gxf3 Rb6 21. Kh1 Ra6 0-1